Automated Tool for the Interpretation of DNA Structural Changes to Support Clinical Decision Making
Gespeichert in:
| 1. Verfasser: | |
|---|---|
| Weitere Verfasser: | |
| Format: | Manuskript Buch |
| Sprache: | Slowakisch Englisch |
| Veröffentlicht: |
2025
|
| Schlagworte: | |
| Online-Zugang: | http://is.stuba.sk/zp/portal_zp.pl?podrobnosti=183663 |
| Tags: |
Keine Tags, Fügen Sie das erste Tag hinzu!
|
MARC
| LEADER | 00000ntm a22000003a 4500 | ||
|---|---|---|---|
| 001 | stuzp105760 | ||
| 003 | SK-STU | ||
| 005 | 20250607211514.9 | ||
| 007 | ta | ||
| 008 | 150427s2015----xo-----f-mn---000-0-slo-d | ||
| 040 | |a STU |b slo | ||
| 041 | 0 | |a eng | |
| 100 | 1 | |a Družbacký, Martin |u 070200 |4 aut |U FIIT Fakulta informatiky a informačných technológií |T FIIT Ústav informatiky, informačných systémov a softvérového inžinierstva |X 102900 |U I200 |Y 179 |7 102900 | |
| 242 | 0 | 1 | |a Automatizovaný nástroj interpretácie štrukturálnych zmien DNA na podporu klinického rozhodovania |y slo |
| 245 | 1 | 0 | |a Automated Tool for the Interpretation of DNA Structural Changes to Support Clinical Decision Making |
| 260 | |c 2025 | ||
| 650 | 4 | |a Scala |2 eng | |
| 650 | 4 | |a Genome analysis |2 eng | |
| 650 | 4 | |a Copy Number Variation |2 eng | |
| 650 | 4 | |a Battenberg |2 eng | |
| 650 | 4 | |a Variácia počtu kopií |2 slo | |
| 650 | 4 | |a Scala |2 slo | |
| 650 | 4 | |a Battenberg |2 slo | |
| 650 | 4 | |a Genomová analýza |2 slo | |
| 700 | 1 | |a Kováč, Michal |u 070200 |k Z1 |4 ths |U FIIT Fakulta informatiky a informačných technológií |T FIIT Ústav informatiky, informačných systémov a softvérového inžinierstva |X 110756 |U I200 |Y 179 |7 110756 | |
| 856 | 4 | |u http://is.stuba.sk/zp/portal_zp.pl?podrobnosti=183663 | |